000
00293nam a22001337a 4500
008
170601b xxu||||| |||| 00| 0 eng d
020
_a
0916617637
041
_a
eng
080
_a
94(4)
100
_a
17
101
_a
SHH
245
_a
"THE BOUNDLESS DEEP..."
_c
VAZQUEZ,J.A
942
_2
udc
_c
BK
999
_c
15397
_d
15397